000 00452nam a22001817a 4500
003 CEME
005 20210628204012.0
008 210113b xxu||||| |||| 00| 0 eng d
020 _a9780007166053
040 _cceme
082 _a869.342 COE
100 _aCoelho, Paulo
_93636
245 _aEleven minutes
260 _aINDIA
_bHARPER
_c2003
300 _aIX, 289P
650 _aENGLISH LITERATURE-FICTION-ELEVEN MINUTES
_968203
942 _cBK
_2ddc
999 _c575825
_d575825